000 00574nam a22001937a 4500
999 _c4442
_d4442
003 AR-CdUCM
008 190308b ||||| |||| 00| 0 spa d
040 _aMUNICIPALIDAD PROVINCIAL DEL CUSCO
_cBIBLIOTECA MUNICIPAL DEL CUSCO
082 _a869.33 /
_bP26
100 _aParra, Nicanor
_913977
245 _aLa cueca larga y otros poemas /
260 _aBuenos Aires :
_bUniversitaria,
_c1964.
300 _a78 páginas ;
_c18 cm.
500 _aDonación familia Nieto
650 _aPoesías chilenas
_92361
650 _aSiglo XX
_98
942 _2ddc
_cLIBROS
945 _aafb